Country Battle Royale - Who Wins? - Statistics

General Stats
  • This quiz has been taken 46 times
  • The average score is 6 of 15
Answer Stats
Hint Hint Hint Answer % Correct
Which country has a larger population (2024)? China India India
97%
Which country has won more FIFA World Cups? Brazil Argentina Brazil
80%
Which country is larger by area? United States Russia Russia
73%
Which has more UNESCO World Heritage Sites? France Italy Italy
57%
Which country has more active volcanoes? Japan South Korea Japan
50%
Which country exports more goods (by value)? United Kingdom Germany Germany
43%
Which country has a higher nominal GDP per capita? Norway Sweden Norway
43%
Which country has more lakes? Canada New Zealand Canada
40%
Which country receives more tourists annually? Mexico Egypt Mexico
27%
Which country ranks higher in the World Happiness Report? Finland Switzerland Finland
20%
Which country borders more other countries? Iran Turkey Iran
20%
Which country exports more oil? Saudi Arabia Iraq Saudi Arabia
20%
Which country has a larger economy? Nigeria South Africa Nigeria
17%
Which country has more islands? Indonesia Chile Chile
7%
Which country is larger in area? Peru Chad Peru
0%
No matching quizzes found
Score Distribution
Percent of People with Each Score
Percentile by Number Answered
Your Score History
You have not taken this quiz